000 00299nam a2200121Ia 4500
008 220216s9999 xx 000 0 und d
100 _aAdhikary Abhijit
245 0 _aEffect of modified CB on NR and SBR
260 _bRubber World
_c2009
300 _a35-46
650 _aRubber matrix
942 _cJS
999 _c57964
_d57964